000 00517nam a2200193 a 4500
001 000025365
003 DO-SdBNP
005 20240307073950.0
007 ta
008 110215s2008 dr ad 000 0 spa d
040 _aDO-SdBNP
_bspa
_cBNPHU
049 _aBNPD
082 4 _222
110 1 _aRepública Dominicana.
_b Junta Central Electoral
_964605
245 0 0 _aMemorias de la comisión de oficialías 2006-2007 /.
260 _aSanto Domingo :
_bJCE,
_c2008.
300 _a174 p. ;
_c27 cm.
942 _2ddc
_cLBS1
999 _c24857
_d24857